| 000 | 01309nab a22002657a 4500 | ||
|---|---|---|---|
| 999 |
_c6030 _d6030 |
||
| 003 | OSt | ||
| 005 | 20260116203432.0 | ||
| 008 | 190605e xxu||||| |||| 00| 0 spa d | ||
| 040 | _cPJ | ||
| 100 |
_aIbañez, Priscila _96175 |
||
| 245 | 1 | 3 |
_aEl DNU 340/25 : _bmás servicios esenciales, menos derechos fundamentales / _cPriscila Ibáñez. |
| 260 |
_aCiudad Autónoma de Buenos Aires : _bThomson Reuters La Ley, _c2025. |
||
| 300 | _ap. 27-32 | ||
| 500 | _aCita Online: Cita: TR LALEY AR/DOC/1992/2025. | ||
| 505 | _aSumario: I. Introducción.— II. La tutela de la libertad sindical.— III. Cuestiones de constitucionalidad en torno al DNU.— IV. La noción de esencialidad: los lineamientos de la OIT y el quiebre del DNU.— V. Consideraciones finales. | ||
| 505 | _t¿Te interesa el texto completo? Solicitalo al correo: koha@justierradelfuego.gov.ar | ||
| 650 | 0 |
_94583 _aDERECHOS SINDICALES |
|
| 650 | 0 |
_94564 _aDERECHO DE HUELGA |
|
| 650 | 0 |
_91462 _aCONFLICTOS COLECTIVOS DE TRABAJO |
|
| 650 | 0 |
_95622 _aSERVICIOS ESENCIALES |
|
| 650 | 0 |
_91340 _aMEDIDAS DE FUERZA |
|
| 650 | 0 |
_9200 _aDECRETOS DE NECESIDAD Y URGENCIA |
|
| 773 | 0 |
_02711 _93168 _dCiudad Autónoma de Buenos Aires : Thomson Reuters La Ley, 1999-2002. _tRevista de derecho del trabajo. Nº 5 - Septiembre 2025 |
|
| 942 |
_2udc _cANA |
||